Multi-Direction Country Finder - 1 - Statistics

General Stats
  • This quiz has been taken 68 times
  • The average score is 53 of 80
Answer Stats
City Country Direction Answer % Correct
Atlanta United States N Canada
95%
Georgetown Guyana N Canada
95%
Managua Nicaragua S Canada
95%
Mexico City Mexico S Canada
95%
Alice Springs Australia S Russia
93%
Dhaka Bangladesh S Russia
93%
Port Moresby Papua New Guinea N Russia
93%
Tokyo Japan N Russia
93%
Madrid Spain N France
89%
Pisa Italy W France
89%
Alice Springs Australia N Indonesia
89%
Tokyo Japan S Indonesia
89%
Maseru Lesotho N South Africa
89%
Maseru Lesotho E South Africa
89%
Maseru Lesotho S South Africa
89%
Maseru Lesotho W South Africa
89%
Georgetown Guyana S Brazil
88%
Malmo Sweden S Germany
86%
Malmo Sweden N Norway
86%
Moscow Russia E United States (Alaska)
86%
Tokyo Japan E United States (California)
86%
Mexico City Mexico W United States (Hawaii)
86%
Mexico City Mexico N United States (Texas)
86%
Dhaka Bangladesh N India
84%
Dhaka Bangladesh E India
84%
Dhaka Bangladesh W India
84%
Taipei Taiwan N China
82%
Taipei Taiwan W China
82%
Malmo Sweden W Denmark
82%
Atlanta United States W Japan
82%
Madrid Spain E Italy
80%
Taipei Taiwan E Mexico
79%
Madrid Spain W Portugal
79%
Atlanta United States S Cuba
77%
Atlanta United States E Morocco
77%
Madrid Spain S Morocco
77%
Bangkok Thailand N Laos
71%
Bangkok Thailand E Cambodia
70%
Bangkok Thailand W Myanmar
70%
Bangkok Thailand S Malaysia
68%
Georgetown Guyana W Venezuela
68%
Alice Springs Australia E Chile
66%
Baku Azerbaijan S Iran
66%
Pisa Italy N Switzerland
66%
Vienna Austria W Switzerland
66%
Baku Azerbaijan W Armenia
64%
Malmo Sweden E Lithuania
64%
Moscow Russia S Ukraine
63%
Baku Azerbaijan N Kazakhstan
61%
Niamey Niger E Nigeria
61%
Lusaka Zambia N Democratic Republic of the Congo
59%
Moscow Russia W Belarus
57%
Alice Springs Australia W Madagascar
57%
Managua Nicaragua N Honduras
55%
Lusaka Zambia W Angola
54%
Port Moresby Papua New Guinea S Australia
52%
Lusaka Zambia E Mozambique
52%
Moscow Russia N Mozambique
52%
Baku Azerbaijan E Turkmenistan
52%
Lusaka Zambia S Zimbabwe
52%
Pisa Italy E Croatia
48%
Niamey Niger N Mali
46%
Pisa Italy S Tunisia
46%
Riyadh Saudi Arabia S Yemen
46%
Managua Nicaragua E Columbia
45%
Vienna Austria N Czech Republic
45%
Riyadh Saudi Arabia W Egypt
45%
Mexico City Mexico E Haiti
45%
Managua Nicaragua W Philippines
45%
Taipei Taiwan S Philippines
45%
Tokyo Japan W South Korea
41%
Port Moresby Papua New Guinea W East Timor
39%
Vienna Austria S Hungary
39%
Vienna Austria E Slovakia
39%
Riyadh Saudi Arabia E Qatar
38%
Riyadh Saudi Arabia N Kuwait
30%
Niamey Niger S Burkina Faso
25%
Niamey Niger W Burkina Faso
25%
Port Moresby Papua New Guinea E Solomon Islands (Guadalcanal)
23%
Georgetown Guyana E Liberia
14%
No matching quizzes found
Score Distribution
Percent of People with Each Score
Percentile by Number Answered
Your Score History
You have not taken this quiz